The generation of random variates /
Guardado en:
| Autor Principal: | |
|---|---|
| Otros Autores: | |
| Formato: | Libro |
| Idioma: | English |
| Publicado: |
London :
Griffin,
c1971.
|
| Series: | Griffin's statistical monographs and courses ;
no. 28 |
| Etiquetas: |
Agregar Etiqueta
Sin Etiquetas, Sea el primero en etiquetar este registro!
|
| LEADER | 00601nam a22001815a 4500 | ||
|---|---|---|---|
| 001 | MAT.inmabb002504 | ||
| 008 | 041217s1971####enk######b####001#0#eng#d | ||
| 005 | 20130325182751.0 | ||
| 245 | 1 | 4 | |a The generation of random variates / |c Thomas G. Newman and Patrick L . Odell. |
| 260 | |a London : |b Griffin, |c c1971. | ||
| 300 | |a viii, 88 p. ; |c 22 cm. | ||
| 440 | 0 | |a Griffin's statistical monographs and courses ; |v no. 28 | |
| 504 | |a Bibliografía: p. [82]-88. | ||
| 020 | |a 085264194X | ||
| 100 | 1 | |a Newman, Thomas G. | |
| 700 | 1 | |a Odell, Patrick L. | |
| 084 | |a 65C10 |2 msc2000 | ||
| 859 | |h 65 |i N551 |p A-8160 |b BIB. MATEMATICA | ||
